000
00453nam a22000977a 4500
100
_a
अरिहंत
_9
4827
245
_a
मध्य प्रदेश पुलिस उप-निरीक्षक भर्ती परीक्षा 35 सॉल्वड पेपर्स वर्ष 2017-11
260
_a
मेरठ
_b
अरिहंत पब्लिकेशन
_c
2020
650
_a
सैन्यकला
_9
79931
942
_c
HIN
999
_c
63471
_d
63471